| 000 | 02569cam a2200541 i 4500 | ||
|---|---|---|---|
| 001 | 1987 | ||
| 003 | FISKH | ||
| 005 | 20231024134908.0 | ||
| 008 | 180112s2016 nyua j 000 0 eng d | ||
| 010 | _a 2017275992 | ||
| 020 |
_a9780545889629 _q(paperback) |
||
| 020 |
_a0545889626 _q(paperback) |
||
| 020 | _a9781518209239 (Paw Prints bdg.) | ||
| 020 | _a1518209238 | ||
| 035 | _a(OCoLC)ocn910773257 | ||
| 040 |
_aYDXCP _beng _cYDXCP _dBTCTA _dOCLCQ _dOI6 _dOCLCO _dCLE _dIHY _dOCLCO _dOCLCF _dOCLCO _dCHILD _dILC _dDLC _erda |
||
| 042 | _alccopycat | ||
| 050 | 0 | 0 |
_aCT3207 _b.C355 2016 |
| 082 | 0 | 4 |
_a920.72 _23 |
| 100 | 1 | _aCalkhoven, Laurie, | |
| 245 | 1 | 0 |
_aWomen who changed the world : _b50 amazing Americans / _cby Laurie Calkhoven ; illustrated by Patricia Castelao. |
| 264 | 1 |
_aNew York : _bScholastic, _c2016. |
|
| 300 |
_a96 pages : _billustrations ; _c28 cm |
||
| 336 |
_atext _btxt _2rdacontent |
||
| 336 |
_astill image _bsti _2rdacontent |
||
| 337 |
_aunmediated _bn _2rdamedia |
||
| 338 |
_avolume _bnc _2rdacarrier |
||
| 505 | _aZ' | ||
| 520 | _aIn Women Who Changed the World, you'll meet fifty of the most influential and inspirational American women who had a lasting impact on our nation and the world. Starting with some of America's "Founding Mothers" like Pocahontas and Abigail Adams, and continuing up to the present day with game changers like Hillary Clinton, Oprah, and Misty Copeland, the book features a unique and diverse cast from all walks of life. With a mix of photographs and quirky illustrations, Women Who Changed the World is a fun and exciting read that will inspire future generations of leaders for years to come! | ||
| 521 | 8 |
_a990
_bLexile |
|
| 521 | 8 |
_aZ'
_bRaz-Plus |
|
| 650 | 0 |
_aWomen _vBiography _vJuvenile literature. |
|
| 650 | 0 |
_aWomen _xHistory _vJuvenile literature. |
|
| 650 | 0 |
_aWomen social reformers _vBiography _vJuvenile literature. |
|
| 650 | 0 |
_aWomen in the professions _vBiography _vJuvenile literature. |
|
| 650 | 1 |
_aWomen _vBiography. |
|
| 650 | 7 |
_aWomen. _2fast _0(OCoLC)fst01176568 |
|
| 650 | 7 |
_aWomen in the professions. _2fast _0(OCoLC)fst01178044 |
|
| 650 | 7 |
_aWomen social reformers. _2fast _0(OCoLC)fst01178540 |
|
| 650 | 7 |
_aWomen _vBiography. _2sears |
|
| 650 | 7 |
_aWomen _xHistory _vBiography. _2sears |
|
| 655 | 7 |
_aBiography. _2fast _0(OCoLC)fst01423686 |
|
| 655 | 7 |
_aHistory. _2fast _0(OCoLC)fst01411628 |
|
| 655 | 7 |
_aJuvenile works. _2fast _0(OCoLC)fst01411637 |
|
| 700 | 1 |
_aCastelao, Patricia, _eillustrator. |
|
| 906 |
_a7 _bcbc _ccopycat _d2 _encip _f20 _gy-gencatlg |
||
| 942 |
_2ddc _cBK _n0 |
||
| 999 |
_c1987 _d1987 |
||